Sémová analýza chromatizmov vyjadrujúcich emócie v Španielčine
Analýza frazeologických jednotiek s prvkom farby v štruktúre, pomocou ktorých je v španielčine možné vyjadriť najrôznejšie emočné stavy. Frazeologizmy pochádzajú z troch lexikografických zdrojov: dvoch výkladových a jedného frazeologického slovníka (najaktuálnejšie verzie). Kontext významu skúmaných...
Guardado en:
| Autor principal: | |
|---|---|
| Formato: | Capítulo de libro |
| Lenguaje: | eslovaco |
| Materias: | |
| Etiquetas: |
Sin Etiquetas, Sea el primero en etiquetar este registro!
|
MARC
| LEADER | 00000naa a2200000 4500 | ||
|---|---|---|---|
| 001 | 0246818 | ||
| 005 | 20240502073947.4 | ||
| 041 | 0 | |a slo | |
| 044 | |a SK | ||
| 245 | 1 | 0 | |a Sémová analýza chromatizmov vyjadrujúcich emócie v Španielčine |c Nina Mocková |
| 520 | |a Analýza frazeologických jednotiek s prvkom farby v štruktúre, pomocou ktorých je v španielčine možné vyjadriť najrôznejšie emočné stavy. Frazeologizmy pochádzajú z troch lexikografických zdrojov: dvoch výkladových a jedného frazeologického slovníka (najaktuálnejšie verzie). Kontext významu skúmaných frazém či ich frekvencia používania bola overovaná pomocou Referenčného korpusu súčasného španielskeho jazyka (CREA) – anotovaná verzia z roku 2015. | ||
| 610 | 2 | 0 | |a jazyky cudzie |
| 610 | 2 | 0 | |a frazeológia |
| 610 | 2 | 0 | |a španielčina |
| 610 | 2 | 0 | |a emócie |
| 100 | 1 | |a Mocková, Nina, 1987- | |